000 00421nam a22001697a 4500
005 20160429143836.0
008 160429b xxu||||| |||| 00| 0 eng d
020 _a81-259-1656-3
041 _aeng
082 _b00919
100 _aPrakash Chandra
_9257
245 _aTheories of International Reletions.
260 _bVikas Publishing house Pvt. Ltd.
_c2005
300 _a305
650 _aManagement
_9241
942 _cBK
999 _c297
_d297